MARC

LEADER 00000nam0a2200000 4500
001 287217
005 20231101235952.0
020 |a RU  |b 82-85458 
035 |a (RuTPU)RU\TPU\book\311595 
090 |a 287217 
100 |a 20150313d1982 m y0rusy5003 ca 
101 0 |a rus 
102 |a RU 
105 |a a j 001zy 
200 1 |a Руководство к лабораторным работам по курсу "Петрофизика"  |e учебное пособие для вузов  |f В. Н. Кобранова [и др.]  |g под ред. А. В. Дахнова 
210 |a Москва  |c Недра  |d 1982 
215 |a 216 с.  |c ил.  |d 22 см 
300 |a Авт. указаны на обороте тит. л. 
606 1 |a Горные породы  |x Физико-механические свойства  |x Определение  |2 stltpush  |3 (RuTPU)RU\TPU\subj\8084  |9 35575 
610 1 |a физико-механические свойства 
610 1 |a петрофизика 
610 1 |a аппаратура 
610 1 |a оптимальные схемы 
610 1 |a измерения 
610 1 |a точность 
610 1 |a плотность 
610 1 |a пористость 
610 1 |a влагоемкость 
610 1 |a водонасыщенность 
610 1 |a нефтенасыщенность 
610 1 |a проводимость 
610 1 |a электрическое сопротивление 
610 1 |a температуропроводность 
610 1 |a диэлектрическая проницаемость 
610 1 |a магнитность 
610 1 |a радиоактивность 
610 1 |a упругость 
675 |a 552.08:53(076.5)  |v 3 
701 1 |a Кобранова  |b В. Н.  |g Вера Николаевна 
701 1 |a Пацевич  |b С. Л.  |g Светлана Леонидовна 
701 1 |a Дахнов  |b А. В.  |g Алексей Владимирович 
701 1 |a Извеков  |b Б. И.  |g Борис Иванович 
702 1 |a Дахнов  |b А. В.  |4 340 
801 0 |a RU  |b RuMRKP  |c 19950704  |g psbo 
801 1 |a RU  |b 63413507  |c 20150313 
801 2 |a RU  |b 63413507  |c 20151002  |g RCR 
942 |c BK